<?xml version="1.0" encoding="UTF-8"?>
<record
    xmlns:xsi="http://www.w3.org/2001/XMLSchema-instance"
    xsi:schemaLocation="http://www.loc.gov/MARC21/slim http://www.loc.gov/standards/marcxml/schema/MARC21slim.xsd"
    xmlns="http://www.loc.gov/MARC21/slim">

  <leader>02739nam0a2200433   4500</leader>
  <controlfield tag="001">RU\NLR\BIBL_A\012711183</controlfield>
  <controlfield tag="005">20220516130416.0</controlfield>
  <datafield tag="010" ind1=" " ind2=" ">
    <subfield code="a">978-5-9690-0629-4</subfield>
    <subfield code="9">500</subfield>
  </datafield>
  <datafield tag="021" ind1=" " ind2=" ">
    <subfield code="a">RU</subfield>
    <subfield code="b">&#x41A;&#x41D;-&#x41F;-21-074537</subfield>
    <subfield code="9">&#x41A;&#x41D;-&#x41F;-21-5934</subfield>
  </datafield>
  <datafield tag="035" ind1=" " ind2=" ">
    <subfield code="a">(NLR Aleph) 012711183</subfield>
  </datafield>
  <datafield tag="035" ind1=" " ind2=" ">
    <subfield code="a">(RuMoRGB)010853345</subfield>
  </datafield>
  <datafield tag="090" ind1=" " ind2=" ">
    <subfield code="a">12910629</subfield>
    <subfield code="c">12910629</subfield>
  </datafield>
  <datafield tag="100" ind1=" " ind2=" ">
    <subfield code="a">20220218d2019    k  y0rusy50      ca</subfield>
  </datafield>
  <datafield tag="101" ind1="0" ind2=" ">
    <subfield code="a">rus</subfield>
    <subfield code="a">eng</subfield>
  </datafield>
  <datafield tag="102" ind1=" " ind2=" ">
    <subfield code="a">RU</subfield>
  </datafield>
  <datafield tag="105" ind1=" " ind2=" ">
    <subfield code="a">a   z   000zy</subfield>
  </datafield>
  <datafield tag="181" ind1=" " ind2="0">
    <subfield code="a">i3</subfield>
    <subfield code="b">axxe  </subfield>
  </datafield>
  <datafield tag="182" ind1=" " ind2="0">
    <subfield code="a">n</subfield>
  </datafield>
  <datafield tag="200" ind1="1" ind2=" ">
    <subfield code="a">&#x41D;&#x430;&#x443;&#x447;&#x43D;&#x44B;&#x435; &#x43E;&#x441;&#x43D;&#x43E;&#x432;&#x44B; &#x441;&#x435;&#x43B;&#x435;&#x43A;&#x446;&#x438;&#x438; &#x43E;&#x437;&#x438;&#x43C;&#x43E;&#x439; &#x440;&#x436;&#x438;</subfield>
    <subfield code="d">Scientific bases of winter rye breeding</subfield>
    <subfield code="e">&#x43C;&#x43E;&#x43D;&#x43E;&#x433;&#x440;&#x430;&#x444;&#x438;&#x44F;</subfield>
    <subfield code="f">&#x41F;&#x43E;&#x43D;&#x43E;&#x43C;&#x430;&#x440;&#x435;&#x432;&#x430; &#x41C;&#x438;&#x440;&#x430; &#x41B;&#x435;&#x43E;&#x43D;&#x438;&#x434;&#x43E;&#x432;&#x43D;&#x430;, &#x41F;&#x43E;&#x43D;&#x43E;&#x43C;&#x430;&#x440;&#x435;&#x432; &#x421;&#x435;&#x440;&#x433;&#x435;&#x439; &#x41D;&#x438;&#x43A;&#x43E;&#x43B;&#x430;&#x435;&#x432;&#x438;&#x447;</subfield>
    <subfield code="g">&#x424;&#x435;&#x434;&#x435;&#x440;&#x430;&#x43B;&#x44C;&#x43D;&#x43E;&#x435; &#x433;&#x43E;&#x441;&#x443;&#x434;&#x430;&#x440;&#x441;&#x442;&#x432;&#x435;&#x43D;&#x43D;&#x43E;&#x435; &#x431;&#x44E;&#x434;&#x436;&#x435;&#x442;&#x43D;&#x43E;&#x435; &#x443;&#x447;&#x440;&#x435;&#x436;&#x434;&#x435;&#x43D;&#x438;&#x435; &#x43D;&#x430;&#x443;&#x43A;&#x438; "&#x424;&#x435;&#x434;&#x435;&#x440;&#x430;&#x43B;&#x44C;&#x43D;&#x44B;&#x439; &#x438;&#x441;&#x441;&#x43B;&#x435;&#x434;&#x43E;&#x432;&#x430;&#x442;&#x435;&#x43B;&#x44C;&#x441;&#x43A;&#x438;&#x439; &#x446;&#x435;&#x43D;&#x442;&#x440; "&#x41A;&#x430;&#x437;&#x430;&#x43D;&#x441;&#x43A;&#x438;&#x439; &#x43D;&#x430;&#x443;&#x447;&#x43D;&#x44B;&#x439; &#x446;&#x435;&#x43D;&#x442;&#x440; &#x420;&#x43E;&#x441;&#x441;&#x438;&#x439;&#x441;&#x43A;&#x43E;&#x439; &#x430;&#x43A;&#x430;&#x434;&#x435;&#x43C;&#x438;&#x438; &#x43D;&#x430;&#x443;&#x43A;", &#x422;&#x430;&#x442;&#x430;&#x440;&#x441;&#x43A;&#x438;&#x439; &#x43D;&#x430;&#x443;&#x447;&#x43D;&#x43E;-&#x438;&#x441;&#x441;&#x43B;&#x435;&#x434;&#x43E;&#x432;&#x430;&#x442;&#x435;&#x43B;&#x44C;&#x441;&#x43A;&#x438;&#x439; &#x438;&#x43D;&#x441;&#x442;&#x438;&#x442;&#x443;&#x442; &#x441;&#x435;&#x43B;&#x44C;&#x441;&#x43A;&#x43E;&#x433;&#x43E; &#x445;&#x43E;&#x437;&#x44F;&#x439;&#x441;&#x442;&#x432;&#x430;</subfield>
    <subfield code="z">eng</subfield>
  </datafield>
  <datafield tag="203" ind1=" " ind2=" ">
    <subfield code="a">&#x422;&#x435;&#x43A;&#x441;&#x442;</subfield>
    <subfield code="b">&#x432;&#x438;&#x437;&#x443;&#x430;&#x43B;&#x44C;&#x43D;&#x44B;&#x439;</subfield>
    <subfield code="c">&#x43D;&#x435;&#x43F;&#x43E;&#x441;&#x440;&#x435;&#x434;&#x441;&#x442;&#x432;&#x435;&#x43D;&#x43D;&#x44B;&#x439;</subfield>
  </datafield>
  <datafield tag="210" ind1=" " ind2=" ">
    <subfield code="a">&#x41A;&#x430;&#x437;&#x430;&#x43D;&#x44C;</subfield>
    <subfield code="c">&#x418;&#x437;&#x434;-&#x432;&#x43E; &#x424;&#x42D;&#x41D;</subfield>
    <subfield code="d">2019</subfield>
  </datafield>
  <datafield tag="215" ind1=" " ind2=" ">
    <subfield code="a">351 &#x441;.</subfield>
    <subfield code="c">&#x446;&#x432;. &#x438;&#x43B;., &#x442;&#x430;&#x431;&#x43B;.</subfield>
    <subfield code="d">25</subfield>
  </datafield>
  <datafield tag="300" ind1=" " ind2=" ">
    <subfield code="a">&#x410;&#x432;&#x442;. &#x442;&#x430;&#x43A;&#x436;&#x435; &#x43D;&#x430; &#x430;&#x43D;&#x433;&#x43B;. &#x44F;&#x437;.: Ponomareva Mira Leonidovna, Ponomarev Sergey Nikolaevich</subfield>
  </datafield>
  <datafield tag="300" ind1=" " ind2=" ">
    <subfield code="a">&#x41D;&#x430; 4-&#x439; &#x441;. &#x43E;&#x431;&#x43B;. &#x430;&#x432;&#x442;.: &#x41F;&#x43E;&#x43D;&#x43E;&#x43C;&#x430;&#x440;&#x435;&#x432;&#x430; &#x41C;. &#x41B;. - &#x434;-&#x440; &#x431;&#x438;&#x43E;&#x43B;. &#x43D;&#x430;&#x443;&#x43A;, &#x43F;&#x440;&#x43E;&#x444;., &#x437;&#x430;&#x441;&#x43B;&#x443;&#x436;. &#x440;&#x430;&#x431;&#x43E;&#x442;&#x43D;&#x438;&#x43A; &#x441;&#x435;&#x43B;. &#x445;&#x43E;&#x437;-&#x432;&#x430; &#x420;&#x435;&#x441;&#x43F;. &#x422;&#x430;&#x442;&#x430;&#x440;&#x441;&#x442;&#x430;&#x43D;, &#x41F;&#x43E;&#x43D;&#x43E;&#x43C;&#x430;&#x440;&#x435;&#x432; &#x421;. &#x41D;. - &#x434;-&#x440; &#x441;.-&#x445;. &#x43D;&#x430;&#x443;&#x43A;, &#x43B;&#x430;&#x443;&#x440;&#x435;&#x430;&#x442; &#x413;&#x43E;&#x441;. &#x43F;&#x440;&#x435;&#x43C;&#x438;&#x438; &#x420;&#x422; &#x432; &#x43E;&#x431;&#x43B;. &#x43D;&#x430;&#x443;&#x43A;&#x438; &#x438; &#x442;&#x435;&#x445;&#x43D;&#x438;&#x43A;&#x438;</subfield>
  </datafield>
  <datafield tag="300" ind1=" " ind2=" ">
    <subfield code="a">&#x427;&#x430;&#x441;&#x442;&#x44C; &#x442;&#x435;&#x43A;&#x441;&#x442;&#x430; &#x43F;&#x430;&#x440;&#x430;&#x43B;. &#x440;&#x443;&#x441;., &#x430;&#x43D;&#x433;&#x43B;.</subfield>
  </datafield>
  <datafield tag="320" ind1=" " ind2=" ">
    <subfield code="a">&#x411;&#x438;&#x431;&#x43B;&#x438;&#x43E;&#x433;&#x440;.: &#x441;. 299-349 (1119 &#x43D;&#x430;&#x437;&#x432;.)</subfield>
  </datafield>
  <datafield tag="510" ind1="1" ind2=" ">
    <subfield code="6">z20790</subfield>
    <subfield code="a">Scientific bases of winter rye breeding</subfield>
    <subfield code="z">eng</subfield>
  </datafield>
  <datafield tag="606" ind1="1" ind2=" ">
    <subfield code="a">&#x41E;&#x437;&#x438;&#x43C;&#x430;&#x44F; &#x440;&#x43E;&#x436;&#x44C;</subfield>
    <subfield code="x">&#x421;&#x435;&#x43B;&#x435;&#x43A;&#x446;&#x438;&#x44F;</subfield>
    <subfield code="2">nlr_sh1</subfield>
    <subfield code="2">nlr_sh2</subfield>
    <subfield code="3">RU\NLR\AUTH\66798118</subfield>
  </datafield>
  <datafield tag="686" ind1="1" ind2=" ">
    <subfield code="a">&#x41F;212.4-31</subfield>
  </datafield>
  <datafield tag="700" ind1=" " ind2="1">
    <subfield code="a">&#x41F;&#x43E;&#x43D;&#x43E;&#x43C;&#x430;&#x440;&#x435;&#x432;&#x430;</subfield>
    <subfield code="b">&#x41C;. &#x41B;.</subfield>
    <subfield code="c">&#x434;-&#x440; &#x431;&#x438;&#x43E;&#x43B;. &#x43D;&#x430;&#x443;&#x43A;</subfield>
    <subfield code="f">1959-</subfield>
    <subfield code="g">&#x41C;&#x438;&#x440;&#x430; &#x41B;&#x435;&#x43E;&#x43D;&#x438;&#x434;&#x43E;&#x432;&#x43D;&#x430;</subfield>
    <subfield code="3">RU\NLR\AUTH\770242282</subfield>
  </datafield>
  <datafield tag="701" ind1=" " ind2="1">
    <subfield code="a">&#x41F;&#x43E;&#x43D;&#x43E;&#x43C;&#x430;&#x440;&#x435;&#x432;</subfield>
    <subfield code="b">&#x421;. &#x41D;.</subfield>
    <subfield code="c">&#x434;-&#x440; &#x441;.-&#x445;. &#x43D;&#x430;&#x443;&#x43A;</subfield>
    <subfield code="g">&#x421;&#x435;&#x440;&#x433;&#x435;&#x439; &#x41D;&#x438;&#x43A;&#x43E;&#x43B;&#x430;&#x435;&#x432;&#x438;&#x447;</subfield>
    <subfield code="3">RU\NLR\AUTH\770242287</subfield>
  </datafield>
  <datafield tag="790" ind1=" " ind2="1">
    <subfield code="6">z20</subfield>
    <subfield code="a">Ponomareva</subfield>
    <subfield code="b">M. L.</subfield>
    <subfield code="c">&#x434;-&#x440; &#x431;&#x438;&#x43E;&#x43B;. &#x43D;&#x430;&#x443;&#x43A;</subfield>
    <subfield code="f">1959-</subfield>
    <subfield code="g">Mira Leonidovna</subfield>
    <subfield code="3">RU\NLR\AUTH\770242284</subfield>
  </datafield>
  <datafield tag="790" ind1=" " ind2="1">
    <subfield code="6">z20</subfield>
    <subfield code="6">z20510</subfield>
    <subfield code="a">Ponomarev</subfield>
    <subfield code="b">S. N.</subfield>
    <subfield code="c">&#x434;-&#x440; &#x441;.-&#x445;. &#x43D;&#x430;&#x443;&#x43A;</subfield>
    <subfield code="g">Sergej Nikolaevi&#x10D;</subfield>
    <subfield code="3">RU\NLR\AUTH\770242288</subfield>
  </datafield>
  <datafield tag="942" ind1=" " ind2=" ">
    <subfield code="c">BOOK</subfield>
  </datafield>
  <datafield tag="980" ind1=" " ind2=" ">
    <subfield code="a">NBR</subfield>
  </datafield>
  <datafield tag="980" ind1=" " ind2=" ">
    <subfield code="a">NB</subfield>
  </datafield>
</record>
